000
00294nam a2200121Ia 4500
008
190216s9999||||xx |||||||||||||| ||und||
100
_a
Edasseri Govindan Nair
245
0
_a
Koottukrishi
260
_b
Poorna Pubs Kozhikode
_c
1950
300
_a
120p
650
_a
Malayalam Nadakam
942
_c
BK
999
_c
24401
_d
24401